| 000 | 00992cam a2200301 4500 | ||
|---|---|---|---|
| 001 | 24648 | ||
| 005 | 20230410105405.0 | ||
| 008 | 060907s2002 sp spa | ||
| 020 | _a8420667773 | ||
| 035 | _9funglode24833 | ||
| 041 | _aspa | ||
| 050 | 1 | 4 |
_aHB 501 _bL742s 2002 |
| 082 | 0 | 0 | _a330.122 |
| 100 | 1 |
_aLindblom, Charles Edward, _d1917- |
|
| 245 | 1 | 3 |
_aEl sistema de mercado : _bqué es, cómo funciona y cómo entenderla / _cCharles E. Lindblom ; versión de Fernando Esteve Mora. |
| 260 |
_aMadrid : _bAlianza Editorial, _c2002 |
||
| 300 |
_a327 p. ; _c23 cm. |
||
| 440 | 0 |
_aAlianza ensayo ; _v197 |
|
| 500 | _aTítulo original: The market system. What it is, how it works, and what to make of it. | ||
| 650 | 0 | _aCapitalism. | |
| 650 | 4 | _aEconomía de mercado. | |
| 650 | 4 | _aEconomía internacional. | |
| 650 | 4 | _aMercados. | |
| 650 | 4 | _aNuevo orden económico internacional. | |
| 650 | 4 | _aCapitalismo. | |
| 700 | 1 |
_aEsteve Mora, Fernando, _etr. |
|
| 942 |
_2lcc _cbk |
||
| 999 |
_c35708 _d35708 |
||